| 000 | 00639nam a2200205 a 4500 | ||
|---|---|---|---|
| 001 | 0820 | ||
| 005 | 20140414131847.0 | ||
| 008 | 040930s19uu xx 00 eng d | ||
| 020 | _a1-58105-573-0 | ||
| 050 |
_aM 868 _bAd1 2000 |
||
| 100 | _aAda, Alma Flor | ||
| 245 |
_aPaths (Biography D) / _cAlma Flor Ada, F. Isabel Campoy ; illustrated by Waldo Saavedra, Cesar de la Mora. |
||
| 260 |
_aMiami, Florida : _bSantillana USA, _c2000. |
||
| 300 | _a32 p. : ill. ; cm. | ||
| 440 | _aBiography | ||
| 500 | _aContents: Jose Marti--Frida Kahlo--Cesar Chavez. | ||
| 650 | _aHispanic-Americans. | ||
| 650 | _aBiography. | ||
| 999 |
_c109978 _d109978 |
||